KOHA-Header-6

Collage Algebra (Record no. 7148)

000 -LEADER
fixed length control field 00250nam a2200109Ia 4500
100 ## - MAIN ENTRY--AUTHOR NAME
Personal name Robert,Blitzer
245 #0 - TITLE STATEMENT
Title Collage Algebra
260 ## - PUBLICATION, DISTRIBUTION, ETC. (IMPRINT)
Place of publication America
Name of publisher Prentice
Year of publication 2001
300 ## - PHYSICAL DESCRIPTION
Number of Pages 859
942 ## - ADDED ENTRY ELEMENTS (KOHA)
Koha item type Books
Holdings
Withdrawn status Lost status Collection code Permanent Location Current Location Shelving location Date acquired Full call number Accession Number Koha item type
    Mathematics MAJU MAJU Shelf No.A26 2019-09-12 515.2 833 Mathematics

Powered by Koha